| 000 | 01001nam a22002897a 4500 | ||
|---|---|---|---|
| 999 |
_c29475 _d29446 |
||
| 003 | EG-ScBUE | ||
| 005 | 20210923134601.0 | ||
| 008 | 210923s2006 ua f 000 0bara d | ||
| 017 | _a2006/13772 | ||
| 020 | _a9770916129 | ||
| 040 |
_aEG-ScBUE _bara _erda _cEG-ScBUE _dEG-ScBUE |
||
| 082 | 0 | 4 |
_a892.78609 _bش ر ي _222 |
| 100 | 1 |
_aالشريف، يوسف، _eمؤلف. |
|
| 245 | 1 | 0 |
_aزكريا الحجاوي : _bموال الشجن في عشق الوطن / _cيوسف الشريف. |
| 250 | _aالطبعة الأولى. | ||
| 264 | 1 |
_aالقاهرة : _bدار الشروق ; _c2006. |
|
| 300 |
_a185 صفحة ؛ _c20 سم |
||
| 336 |
_2rdacontent _aنص _btxt |
||
| 337 |
_2rdamedia _aبدون وسيط _bn |
||
| 338 |
_2rdacarrier _aمجلد _bnc |
||
| 541 | _cDonation. | ||
| 600 | 1 | 7 |
_aالحجاوي، زكريا. _2BUEsh |
| 650 | 7 |
_aالأدباء المصريون _vتراجم. _2BUEsh |
|
| 653 | 7 |
_aBUEsh _bARALIT _cSeptember2021 |
|
| 655 | 7 |
_2BUEsh _vReading book _934232 |
|
| 942 | _2ddc | ||